| 000 -LEADER |
| fixed length control field |
01586 a2200265 4500 |
| 003 - CONTROL NUMBER IDENTIFIER |
| control field |
Nust |
| 005 - DATE AND TIME OF LATEST TRANSACTION |
| control field |
20221229191346.0 |
| 010 ## - LIBRARY OF CONGRESS CONTROL NUMBER |
| LC control number |
2006041928 |
| 020 ## - INTERNATIONAL STANDARD BOOK NUMBER |
| International Standard Book Number |
0073404586 (alk. paper) |
| 020 ## - INTERNATIONAL STANDARD BOOK NUMBER |
| International Standard Book Number |
9780073404585 (alk. paper) |
| 040 ## - CATALOGING SOURCE |
| Transcribing agency |
Nust |
| 082 00 - DEWEY DECIMAL CLASSIFICATION NUMBER |
| Classification number |
621.3981,SUD |
| 100 1# - MAIN ENTRY--PERSONAL NAME |
| Personal name |
Sudhakar, A. |
| 9 (RLIN) |
83277 |
| 245 10 - TITLE STATEMENT |
| Title |
Circuits and networks : |
| Remainder of title |
analysis and synthesis / |
| Statement of responsibility, etc. |
A. Sudhakar. |
| 250 ## - EDITION STATEMENT |
| Edition statement |
2nd ed. |
| 260 ## - PUBLICATION, DISTRIBUTION, ETC. |
| Place of publication, distribution, etc. |
Dubuque, Iowa : |
| Name of publisher, distributor, etc. |
McGraw-Hill, |
| Date of publication, distribution, etc. |
2006. |
| 300 ## - PHYSICAL DESCRIPTION |
| Extent |
xix, 831 p. : |
| Other physical details |
ill. ; |
| Dimensions |
23 cm. |
| 505 ## - FORMATTED CONTENTS NOTE |
| Formatted contents note |
Circuits Elements and Kirchhoff’s Laws (Page-1), Methods of Analysis Circuits (Page-43), Useful Theorems in Circuits Analysis (Page-101), Introductions to Alternating Circuits and Voltages (Page-153), Complex Impedances (Page-175), Power and Power Factors (Page-211), Steady State AC Analysis (Page-235), Resonance (Page-277), Polyphone Circuits (Page-319), Coupled Circuits (Page-401), Differential Equations (Page-451), Transients (Page-473), Laplace Transforms (Page-513), Network Functions (Page-565), Two Port Networks (Page-597), Filters and Attenuators (Page-663), Elements of Reliability and Synthesis of one Port Networks(Page-735), An Introduction to Pspice (Page-777). |
| 650 #0 - SUBJECT ADDED ENTRY--TOPICAL TERM |
| Topical term or geographic name entry element |
Electric circuit analysis. |
| 9 (RLIN) |
2075 |
| 650 #0 - SUBJECT ADDED ENTRY--TOPICAL TERM |
| Topical term or geographic name entry element |
Electric network analysis. |
| 9 (RLIN) |
10704 |
| 650 #0 - SUBJECT ADDED ENTRY--TOPICAL TERM |
| Topical term or geographic name entry element |
Electric network synthesis. |
| 9 (RLIN) |
106453 |
| 856 42 - ELECTRONIC LOCATION AND ACCESS |
| Materials specified |
Publisher description |
| Uniform Resource Identifier |
<a href="http://www.loc.gov/catdir/enhancements/fy0668/2006041928-d.html">http://www.loc.gov/catdir/enhancements/fy0668/2006041928-d.html</a> |
| 856 42 - ELECTRONIC LOCATION AND ACCESS |
| Materials specified |
Table of contents only |
| Uniform Resource Identifier |
<a href="http://www.loc.gov/catdir/enhancements/fy0740/2006041928-t.html">http://www.loc.gov/catdir/enhancements/fy0740/2006041928-t.html</a> |
| 942 ## - ADDED ENTRY ELEMENTS (KOHA) |
| Source of classification or shelving scheme |
|
| Koha item type |
Book |